Chemistry : The Molecular Nature of Matter and Change (Record no. 28122)

MARC details
000 -LEADER
fixed length control field 00373nam a2200145Ia 4500
020 ## - INTERNATIONAL STANDARD BOOK NUMBER
ISBN 0-8151-8505-7
100 ## - STATEMENT OF RESPONSIBILITY--MAIN AUTHOR NAME
Personal name Martin Silberberg
245 #0 - TITLE STATEMENT
Title Chemistry : The Molecular Nature of Matter and Change
260 ## - PUBLICATION, DISTRIBUTION, ETC. (IMPRINT)
Name of publisher Mosby- Year Book, inc.
260 ## - PUBLICATION, DISTRIBUTION, ETC. (IMPRINT)
Year of publication 1996
300 ## - PHYSICAL DESCRIPTION
Number of Pages 1062 p
942 ## - ADDED ENTRY ELEMENTS (KOHA)
Koha item type Books
Holdings
Withdrawn status Lost status Source of classification or shelving scheme Damaged status Not for loan Permanent Location Current Location Date acquired Accession Number Price effective from Koha item type
    Library of Congress Classification     NILE UNIVERSITY OF NIGERIA - MAIN LIBRARY NILE UNIVERSITY OF NIGERIA - MAIN LIBRARY 04/23/2025 0001063 04/23/2025 Books